000 00728nam a2200217 a 4500
005 20251203063938.0
008 991125s1968 mx 000 0 spa u
035 _aUPN01000025809
049 _aLT
050 4 _aLB1633 M6
_bG34 1968
245 0 3 _aEl galano arte de leer :
_bantología didáctica /
_ccomp. Manuel Michaus, Jesús Domínguez Rosas
260 _aMéxico :
_bTrillas,
_c1968
300 _a354 p.
500 _aDisponible en la Colección Medina
650 4 _aEspañol
_xEstudio y enseñanza (Secundaria)
_97237
650 4 _aIntereses en la lectura
_94851
700 1 _aMichaus Marroquín, Manuel,
_ecomp.
_939899
700 2 _aDomínguez Rosas, Jesús,
_d1902-,
_ecomp.
904 _aAC
_b025810
905 _aLibro
999 _c25809
_d25809